Hospodářské dějiny 11

Gespeichert in:
Bibliographische Detailangaben
Format: Buch
Sprache:Tschechisch
Veröffentlicht: Praha Ústav československých a světových dějin ČSAV 1983
Tags: Tag hinzufügen
Keine Tags, Fügen Sie das erste Tag hinzu!

MARC

LEADER 00000nam a2200000 4500
001 c133549
005 20200722081844.2
041 0 |a cze 
044 |a CZ 
245 1 0 |a Hospodářské dějiny 11 
264 1 |a Praha  |b Ústav československých a světových dějin ČSAV  |c 1983 
300 |a 316 s.